000 00234nam a2200121Ia 4500
100 _aMartin/Bean
942 _cRB
654 _alaravel
245 _aLaravel 5 essentials
260 _bPACKT
_c2015
546 _aENGLISH
999 _c32245
_d32245